Atlas of the rock-forming minerals in thin section / (Record no. 83361)
[ view plain ]
| 000 -LEADER | |
|---|---|
| fixed length control field | 00631nam a2200217 a 4500 |
| 001 - CONTROL NUMBER | |
| control field | 83361 |
| 003 - CONTROL NUMBER IDENTIFIER | |
| rucl marc code | BD-RjUL |
| 005 - DATE AND TIME OF LATEST TRANSACTION | |
| control field | 20240314115505.0 |
| 008 - FIXED-LENGTH DATA ELEMENTS--GENERAL INFORMATION | |
| fixed length control field | 240314r20221980nyu||||| |||| 00| 0 eng d |
| 035 ## - SYSTEM CONTROL NUMBER | |
| System control number | (BD-RjUL)83361 |
| 040 ## - CATALOGING SOURCE | |
| Original cataloging agency | BD-RjUL |
| Language of cataloging | eng |
| Transcribing agency | BD-RjUL |
| 041 ## - LANGUAGE CODE | |
| Language code of text/sound track or separate title | eng |
| 082 ## - DEWEY DECIMAL CLASSIFICATION NUMBER | |
| Edition number | 23 |
| Classification number | 549.114 |
| Author mark and year | MAA 2022 |
| 100 ## - MAIN ENTRY--PERSONAL NAME | |
| Personal name | Mackenzie, W. S. |
| 9 (RLIN) | 12336 |
| 245 ## - TITLE STATEMENT | |
| Title | Atlas of the rock-forming minerals in thin section / |
| Statement of responsibility, etc. | W. S. Mackenzie |
| 260 ## - PUBLICATION, DISTRIBUTION, ETC. (IMPRINT) | |
| Place of publication, distribution, etc. | London : |
| Name of publisher, distributor, etc. | Routledge, |
| Date of publication, distribution, etc. | c1980, [reprinted 2022] |
| 300 ## - PHYSICAL DESCRIPTION | |
| Pagination | 98 p. : |
| Illustrations | ill.; |
| Size | 28 cm. |
| 650 ## - SUBJECT ADDED ENTRY--TOPICAL TERM | |
| Topical term or geographic name as entry element | Minerals in rocks |
| 9 (RLIN) | 12337 |
| 700 ## - ADDED ENTRY--PERSONAL NAME | |
| Personal name | Guilford, C. |
| 942 ## - ADDED ENTRY ELEMENTS (KOHA) | |
| Source of classification or shelving scheme | Dewey Decimal Classification |
| Koha item type | Books |
| Lost status | Source of classification or shelving scheme | Damaged status | Not for loan | Collection code | Permanent Location | Current Location | Shelving location | Date acquired | Source of acquisition | Cost, normal purchase price | Full call number | Date last seen | Copy number | Koha item type |
|---|---|---|---|---|---|---|---|---|---|---|---|---|---|---|
| Dewey Decimal Classification | Not For Loan | Reference | Central Library, University of Rajshahi | Central Library, University of Rajshahi | Reference | 25/02/2024 | Dhaka : Book Finder | 3520.00 | R 549.114 MAA 2022 | 14/03/2024 | C-1 | Books | ||
| Dewey Decimal Classification | Not For Loan | Reference | Central Library, University of Rajshahi | Central Library, University of Rajshahi | Reference | 25/02/2024 | Dhaka : Book Finder | 3520.00 | R 549.114 MAA 2022 | 14/03/2024 | C-2 | Books | ||
| Dewey Decimal Classification | Not For Loan | Reference | Central Library, University of Rajshahi | Central Library, University of Rajshahi | Reference | 25/02/2024 | Dhaka : Book Finder | 3520.00 | R 549.114 MAA 2022 | 14/03/2024 | C-3 | Books |